000
00282nam a2200109Ia 4500
008
200302s9999 xx 000 0 und d
100
_a
Edward G. Pita
245
_a
Air Conditioning Principles and Systems 4th ed.
260
_b
Upper Saddle River
260
_c
2002
300
_a
524 P.,
999
_c
2032
_d
2032